| 000 | 00435nam a2200157 a 4500 | ||
|---|---|---|---|
| 001 | 1289 | ||
| 003 | CDMR | ||
| 005 | 20130116135208.0 | ||
| 008 | 130130s1992||||||||||||||||||||||||||||d | ||
| 040 |
_aCDMR _bcat _cCPC GIRONA |
||
| 100 | 1 |
_aRomero Rubio, Andrés _9338 |
|
| 245 | 1 | 0 |
_aFigueres _cRomero, A. , Ruiz, J. |
| 260 |
_c1992 _bDiputació de Girona / Caixa Girona |
||
| 490 | 0 |
_aQuaderns de la Revista de Girona _v34 _9103 |
|
| 942 | _cMON | ||
| 999 |
_c1289 _d1289 |
||